Statistics for Dominican Republic or Jamaica

Click here to take the quiz!

General Stats

  • This quiz has been taken 27 times
  • The average score is 8 of 10

Answer Stats

Question Answer % Correct
Country in the CaribbeanBoth
100%
Santo Domingo is the capital cityDominican Republic
100%
Shares a land boundary with HaitiDominican Republic
100%
Birthplace of the record holding fastest man in the worldJamaica
96%
Montego Bay is the second largest cityJamaica
96%
Portuguese is the official languageNeither
87%
Gained independence from Portugal in 1962Neither
74%
Drives on the right side of the roadDominican Republic
61%
As at January 2018 had 3 representatives crowned Miss WorldJamaica
48%
Located in the Greater Antilles archipelago of the Caribbean regionBoth
48%

Score Distribution

Percentile by Number Answered

Percent of People with Each Score

Your Score History

You have not taken this quiz